| 000 | 01064nam a22003377a 4500 | ||
|---|---|---|---|
| 001 | BR8102055 | ||
| 003 | BR-BrBNA | ||
| 005 | 20230928090937.0 | ||
| 007 | ta | ||
| 008 | 230509b bl.||||| |||| 00| 0 por d | ||
| 040 |
_aBR-BrBNA _bpor _cBiblioteca Nacional de Agricultura |
||
| 041 | _a(Por) | ||
| 072 |
_aF00; N20 _b0230 _b8961 _b4650 _b/G514 |
||
| 090 | _ 0230 BR8102055 | ||
| 100 | 1 | _aAlves, A. da S. | |
| 110 | 1 | _aPrograma Nacional de Melhoramento da Cana-de-Acucar, Piracicaba, SP (Brasil) | |
| 245 | 1 | _aMoagem de cana de acucar para alcool [Saccharum spp; Industrializacao; Alagoas; Brasil] | |
| 246 | 1 | _a[Sugarcane grinding for alcohol production [Saccharum spp; Industrialization; Alagoas; Brazil]] | |
| 260 | 3 |
_aPiracicaba, SP (Brasil): _c1980. |
|
| 300 | _a47 p. | ||
| 500 | _a31 illus. | ||
| 650 | _aProducao vegetal | ||
| 650 | _aEquipamento rural | ||
| 650 | _aCana de acucar | ||
| 650 | _aAlcool | ||
| 650 | _aMoagem | ||
| 650 | _aIndustrializacao | ||
| 650 | _aAlagoas | ||
| 909 |
_a202309 _bLucia _c55 _dLucia Elande |
||
| 942 | _cBK | ||
| 999 |
_c31389 _d31389 |
||